000 00735nam a2200241 4500
001 144078
003 ES-MaACL
005 20240426130001.0
007 t|
008 070214s1959 sp r ||||1| spa d
080 _a820-312.9"19"
100 1 _aShute, Nevil.
_9106177
245 1 3 _aLa hora final /
_cNevil Shute ; traducción de Manuel de la Escalera y Fernando Barango Solís.
250 _a1ª. ed.
260 _aBarcelona :
_bPlaza & Janés,
_c1959.
300 _a283 p. :
_bil. ;
_c20 cm.
490 1 _aEl hipocampo
700 0 _aEscalera, Manuel de la,
_d1895-1994
_947481
700 1 _aBarangó-Solís, Fernando.
_925320
830 1 _aEl hipocampo
_9183325
852 _aES-MaACL
_jC-17260
999 _c144078
_d144078